| 000 | 00997nam a2200229 i 4500 | ||
|---|---|---|---|
| 001 | 158357 | ||
| 003 | ES-MaACL | ||
| 005 | 20230906211118.0 | ||
| 008 | 990726s1872 fr |||| |cfre d | ||
| 040 |
_aCCPB | B _bspa _cCCPB | B |
||
| 100 | 0 |
_aMacaulay, Thomas Babington Macaulay _cBaron. _975067 |
|
| 245 | 1 | 0 |
_aEssais politiques et philosophiques / _cpar Lord Macaulay ; traduits par M. Guillaume Guizot. |
| 250 | _aDeuxième éd. | ||
| 260 |
_aParis : _bMichel Levy Frères, _c1872 ( _eClichy : _fImp. P. Dupont et C\pie\s) |
||
| 300 |
_a[4], 548 p. ; _c22 cm. |
||
| 505 | 8 | _aContiene: Machiave et l'Italie ; Lord Bacon et sa philosophie ; De la papauté ; Des rapports de l'Eglise et de l'État ; Des incapacités politiques des Juifs ; M. James Mill et les théories utilitaires en matière de gouverment | |
| 596 | _aMarca del ed. en port. | ||
| 597 | _aAntep. | ||
| 700 | 1 |
_aGuizot, Guillaume ( _d1833-1892) _9149492 |
|
| 852 |
_aES-MaACL _jG-4163 _z-- Enc. hol. |
||
| 999 |
_c158357 _d158357 |
||